00718nam a2200265Ia 4500001000900000003000500009005001700014008004100031010001100072020002200083040000900105082002500114100001700139245006100156260003400217300003600251440002400287503000700311650001400318650003900332650001400371650003800385650001400423700001500437dia_6053CHAP20240612121700.0220117s2011 xx 000 0 und d a177260 a978-607-400-437-3 cCHAP a808.831 B83 T46 2011 aBucay, Jorge aEl temido enemigo /c Jorge Bucay ; ilustraciones Gusti aMéxico :b Océano,c2011 a1 v. (páginas no numeradas) aOcéano Travesía aC. aAmistad  0aArgentine literaturey21st century aCuentos  0aLiteratura argentinaySiglo XXI  aStories  aGusti, il.